000 00487nam a2200181Ia 4500
008 100917s9999 xx 000 0 und d
082 _b63582
100 _aबोरकर कमलाकर
245 _aललाटरेषा
260 _bत्रदिल प्रकाशन
_c1983
300 _a79
365 _b7.5
520 _aनाटक
630 _aललाटरेषा
650 _aनाटक
730 _aललाटरेषा
942 _cBOOK
999 _c668976
_d668973